|
|
|
|
| LEADER |
00715nam a2200253 a 4500 |
| 001 |
adlib96000001 |
| 003 |
ViArRB |
| 005 |
20151026132250.0 |
| 008 |
960221s1955 dcuabcdjdbkoqu001 0deng d |
| 020 |
|
|
|a 9780387329147
|
| 022 |
|
|
|
| 040 |
|
|
|a Adlib
|
| 082 |
|
|
|a 57.067
|
| 245 |
|
|
|a Analysis of phylogenetics and evolution with R
|
| 250 |
|
|
|
| 260 |
|
|
|a France
|b Springer
|c 2006
|
| 300 |
|
|
|a xii, 211p
|
| 500 |
|
|
|a
|
| 100 |
|
|
|a Paradis, Emmanuel
|
| 700 |
|
|
|
| 942 |
|
|
|c BK
|6 _
|
| 653 |
|
|
|a Cladistic analysis
|a Phylogeny - methodology
|a R (Computer programming language)
|
| 999 |
|
|
|c 45004
|d 45004
|
| 952 |
|
|
|0 0
|1 0
|4 0
|6 57067_PAR
|7 0
|9 57372
|a UL
|b UL
|d 2010-06-16
|o 57.067 PAR
|p 00059147
|r 2010-06-16
|w 2010-06-16
|y BK
|